000 00561nam a2200145 a 4500
008 080109s1979 ||||||||||||||||| || u
050 _aQ 183.4.G7 War
100 _aWaring, Mary
245 1 0 _aSocial pressures and curriculum innovation
246 _aa study of the Nuffield Foundation Science Teaching Project
260 _aLondon
_bMethuen
_c1979
300 _aviii, 263p. : ill.
350 _a0.00
995 _D0.00
_FCBU-MAIN LIBRARY (Kitwe)
_H1
_I0.00
_M1
_UAVAILABLE
_ZAnnex Low-Usage Collection
999 _c57718
_d57718